The Sims 3 Worlds - Statistics

General Stats
  • This quiz has been taken 24 times
  • The average score is 13 of 18
Answer Stats
Picture Answer % Correct
Bridgeport
94%
Sunset Valley
94%
Appaloosa Plains
83%
Twinbrook
83%
Barnacle Bay
78%
Isla Paradiso
78%
Moonlight Falls
78%
Riverview
78%
Starlight Shores
78%
Aurora Skies
72%
Hidden Springs
72%
Lunar Lakes
72%
Monte Vista
72%
Sunlit Tides
61%
Midnight Hollow
56%
Roaring Heights
56%
Lucky Palms
50%
Dragon Valley
44%
No matching quizzes found
Score Distribution
Percent of People with Each Score
Percentile by Number Answered
Your Score History
You have not taken this quiz